Primates A-Z - Statistics

General Stats
  • This quiz has been taken 24 times
  • The average score is 11 of 26
Answer Stats
Picture Hint Answer % Correct
B Bonobo
100%
C Capuchin
81%
O Orangutan
81%
E Eastern Gorilla
76%
M Mandrill
71%
J Japanese Macaque
57%
P Pygmy Marmoset
52%
W Western Gorilla
52%
L Langur
48%
S Squirrel Monkey
48%
T Tamarin
48%
U Uakari
48%
R Rhesus Macaque
43%
G Gelada
38%
H Hamadryas Baboon
38%
V Vervet Monkey
38%
N Night Monkey
33%
Y Yellow Baboon
33%
D De Brazza's Monkey
19%
F François' Langur
19%
K King Colobus
19%
Z Zanzibar Red Colobus
19%
A Arabian baboon
14%
I Island Saki
14%
Q Qinling Golden Monkey
14%
X Xingu Howler Monkey
10%
No matching quizzes found
Score Distribution
Percent of People with Each Score
Percentile by Number Answered
Your Score History
You have not taken this quiz